Project Management and Control / (Record no. 4062)
[ view plain ]
| 000 -LEADER | |
|---|---|
| fixed length control field | 00781nac a22002051u 4500 |
| 008 - FIXED-LENGTH DATA ELEMENTS--GENERAL INFORMATION | |
| fixed length control field | 100919t xxu||||| |||| 00| 0 eng d |
| 010 ## - LIBRARY OF CONGRESS CONTROL NUMBER | |
| LC control number | 64018544 |
| 020 ## - INTERNATIONAL STANDARD BOOK NUMBER | |
| International Standard Book Number | 0333542436 |
| 024 ## - | |
| -- | 0333542436 |
| 082 00 - DEWEY DECIMAL CLASSIFICATION NUMBER | |
| Classification number | 624.068 |
| Item number | DAY |
| 100 ## - MAIN ENTRY--PERSONAL NAME | |
| Personal name | Day, David W.J. |
| 9 (RLIN) | 19463 |
| 245 10 - TITLE STATEMENT | |
| Title | Project Management and Control / |
| Statement of responsibility, etc | David W.J. Day. |
| 260 ## - PUBLICATION, DISTRIBUTION, ETC. (IMPRINT) | |
| Place of publication, distribution, etc | London : |
| Name of publisher, distributor, etc | Macmillan,1994 |
| Date of publication, distribution, etc | 1994. |
| 300 ## - PHYSICAL DESCRIPTION | |
| Extent | 191p: |
| Dimensions | 21 cm. |
| 490 ## - Series Statement | |
| -- | 19462 |
| Series statement | Macmillan Building and Surveying Series |
| 650 #0 - SUBJECT ADDED ENTRY--TOPICAL TERM | |
| Topical term or geographic name as entry element | Construction industry |
| 9 (RLIN) | 11663 |
| General subdivision | Management. |
| 650 #0 - SUBJECT ADDED ENTRY--TOPICAL TERM | |
| Topical term or geographic name as entry element | Project management. |
| 9 (RLIN) | 19464 |
| 942 ## - ADDED ENTRY ELEMENTS (KOHA) | |
| Item type | Book - Borrowing |
| Call number prefix | 624.068DAY |
| Source of classification or shelving scheme | Dewey Decimal Classification |
| Withdrawn status | Item status | Source of classification or shelving scheme | Damaged status | Not for loan | Vendor | Home library | Current library | Shelving location | Date acquired | Source of acquisition | Total Checkouts | Total Renewals | Full call number | Barcode | Date last seen | Date last borrowed | Koha item type |
|---|---|---|---|---|---|---|---|---|---|---|---|---|---|---|---|---|---|
| Dewey Decimal Classification | Central Library | Central Library | First floor | 19/09/2010 | 2 | 14 | 624.068 DAY | 000000080 | 15/07/2025 | 27/10/2015 | Book - Borrowing |